[Event "US-ch Women 2018"]
[Site "Saint Louis"]
[Date "2018.04.25"]
[Round "7"]
[White "Derakhshani, Dorsa"]
[Black "Abrahamyan, Tatev"]
[Result "1/2-1/2"]
[WhiteElo "2306"]
[BlackElo "2366"]
[Annotator "NA"]
[PlyCount "62"]
[EventDate "2018.??.??"]
[EventType "tourn"]
[EventCountry "USA"]
[SourceTitle "playchess.com"]
[Source "ChessBase"]
[SourceQuality "1"]
[TimeControl "40/5400+30:1800+30"]

{[%evp 22,59,76,99,89,137,106,89,103,108,32767,32767,145,32767,138,140,145,32767,170,200,191,108,120,0,164,165,166,32767,173,122,119,120,115,22,12,18,21,15,22,16]} 1. e4 {[%emt 0:00:00]} e6 {[%emt 0:00:04]} 2. d4 {[%emt 0:00:00]} d5 {[%emt 0:00:03]} 3. Nc3 {[%emt 0:00:00]} Bb4 {[%emt 0:00:05]} 4. e5 {[%emt 0:00:00]} Ne7 {[%emt 0:00:11]} 5. a3 {[%emt 0:00:00]} Bxc3+ {[%emt 0:00:03]} 6. bxc3 {[%emt 0:00:00]} c5 {[%emt 0:00:04]} 7. Qg4 {[%emt 0:00:01]} cxd4 {[%emt 0:00:17]} 8. Qxg7 {[%emt 0:00:22]} Rg8 {[%emt 0:00:06]} 9. Qxh7 {[%emt 0:00:04]} Qc7 {[%emt 0:00:17]} 10. Ne2 {[%emt 0:00:14]} Nbc6 {[%emt 0:00:29]} 11. h4 {[%emt 0:00:37] C18: French: 3 Nc3 Bb4: Main line: 7 h4 and 7 Qg4} (11. f4 dxc3 12. Nxc3 Nd4 13. Bb2 Bd7 14. O-O-O Qb6 15. Qd3 Ndf5 16. Rd2 Rc8 17. g3 Ne3 18. Ne4 Rxc2+ 19. Rxc2 dxe4 20. Qxe4 Nxc2 21. Qxc2 {½-½ (31) Giri,A (2752)-Carlsen,M (2834) Wijk aan Zee 2018}) 11... Qxe5 {[%emt 0:15:47]} (11... dxc3 $11 12. f4 b6) 12. Bf4 {[%emt 0:07:06]} Qf5 {[%emt 0:02:40]} 13. Qxf5 {[%emt 0:00:07]} Nxf5 {[%emt 0:00:03]} 14. cxd4 {[%emt 0:00:11]} Nfxd4 {[%emt 0:00:42]} 15. Nxd4 {[%emt 0:00:08]} Nxd4 {[%emt 0:00:03]} 16. O-O-O {[%emt 0:01:46]} Nc6 {[%emt 0:04:26]} 17. Bg5 {[%emt 0:02:50]} Kf8 $146 {[%emt 0:13:57]} ({Predecessor:} 17... Bd7 18. f4 Rc8 {1-0 (32) Seeck,K-Schmid,L Flensburg 1961}) 18. Bf6 {[%emt 0:06:04]} Rg6 {[%emt 0:09:01]} 19. Bc3 {[%emt 0:00:43]} f6 {[%emt 0:02:35]} 20. h5 {[%emt 0:08:18]} Rh6 $1 $11 {[%emt 0:01:20]} 21. Bd2 {[%emt 0:04:27]} ({White should try} 21. Be2 $18) 21... Rh8 {[%emt 0:01:57] [#]} 22. Bc3 {[%emt 0:00:18]} (22. Be3 $1 $16) 22... Kf7 $2 {[%emt 0:05:26]} 23. f4 {[%emt 0:04:41]} Bd7 {[%emt 0:15:34]} 24. g4 {[%emt 0:05:23]} e5 {[%emt 0:11:04]} 25. g5 {[%emt 0:16:00]} fxg5 {[%emt 0:03:33]} 26. fxg5 {[%emt 0:01:40]} Bg4 {[%emt 0:00:13]} 27. g6+ {[%emt 0:02:27]} (27. Rxd5 $16 Bf3 28. Bc4) 27... Kf6 $1 {[%emt 0:01:42]} 28. g7 {[%emt 0:10:55]} Rxh5 {[%emt 0:01:58]} 29. Rxh5 {[%emt 0:00:12]} Bxh5 {[%emt 0:00:03]} 30. Rxd5 $11 {[%emt 0:00:07]} Kxg7 {[%emt 0:02:48]} 31. Bxe5+ {[%emt 0:08:55]} Nxe5 {[%emt 0:00:06]} 1/2-1/2

[Event "US-ch Women 2018"]
[Site "Saint Louis"]
[Date "2018.04.25"]
[Round "7"]
[White "Sharevich, Anna"]
[Black "Wang, Annie"]
[Result "0-1"]
[WhiteElo "2281"]
[BlackElo "2321"]
[Annotator "TA"]
[PlyCount "166"]
[EventDate "2018.??.??"]
[EventType "tourn"]
[EventCountry "USA"]
[SourceTitle "playchess.com"]
[Source "ChessBase"]
[SourceQuality "1"]

{[%evp 14,166,5,-27,-7,-6,0,0,0,0,0,-6,-14,-6,-10,-6,56,0,0,0,0,-7,-8,-25,-33,-133,-118,-114,-66,-57,-6,-9,0,-8,-28,-44,226,215,271,272,275,264,255,237,293,284,337,134,133,0,0,0,0,0,29,-130,-117,-113,-136,-110,-120,-103,-77,-104,-103,-121,-121,-151,-146,-132,-121,-278,-270,-556,-563,-547,-502,-504,-488,-657,-658,-648,-616,-631,-628,-543,-513,-658,-652,-678,-539,-616,-614,-670,-474,-764,-783,-694,-747,-730,-695,-619,-608,-600,-600,-592,-592,-1106,-1051,-1488,-2738,-2371,-2231,-1535,-1518,-2033,-1554,-4776,-5081,-29960,-29961,-29962,-29959,-29959,-29951,-6701,-1557,-2141,-592,-29972,-29971,-29969,-29970,-29972,-29971,-29974,-29975,-29974,-29968,-29972,-29974,-29973,-29974,-29979,-29980,-29982,-29983,-29983,-29984,-29984,-29985,-29987,-29985,-29990,-29991]} 1. d4 e6 2. Nf3 Nf6 3. c4 d5 4. Nc3 Be7 5. Bg5 h6 6. Bh4 O-O 7. e3 b6 8. g4 {LiveBook: 19 Games. D58: Queen's Gambit Declined: Tartakower Defence} (8. Bd3 Bb7 9. O-O Nbd7 10. Qe2 c5 11. Rfd1 cxd4 12. Nxd4 Nc5 13. Bxf6 Bxf6 14. cxd5 Bxd4 15. exd4 Nxd3 16. Qxd3 Bxd5 17. Re1 Rc8 18. Rad1 Rc7 19. Qg3 Rd7 {0-1 (62) Salem,A (2638)-Carlsen,M (2837) Riadh 2017}) 8... Ne4 9. Bxe7 Qxe7 10. Rg1 {The position is equal.} Bb7 $146 {[%cal Bc8b7,Bb7d5,Bd5f7][%mdl 32]} ({Predecessor:} 10... Nxc3 11. bxc3 g6 12. cxd5 exd5 13. h4 c5 14. dxc5 Qxc5 15. Qd4 Nd7 {½-½ (45) Sapundjiev,G (2392)-Baranowski,T (2491) ICCF email 2010}) 11. g5 hxg5 12. Nxe4 dxe4 13. Nxg5 f6 14. Nh3 e5 {[#]} ({Black should try} 14... Qb4+ $11 15. Qd2 Qxd2+ 16. Kxd2 Kf7) 15. c5 $1 {[%mdl 512]} Bd5 $11 (15... bxc5 16. Bc4+) 16. dxe5 Qxe5 17. Nf4 Bf7 $1 18. Ng6 (18. Qg4 g5 $15) 18... Qxb2 19. Ne7+ (19. Be2 $1 $15 Re8 20. Rb1 Qxa2 21. Ra1) 19... Kh8 $17 20. Be2 Qc3+ ({Much worse is} 20... bxc5 $6 21. Rg3 $11) 21. Kf1 {And now Rg3 would win.} Qxc5 (21... Qe5 $15 22. Ng6+ Bxg6 23. Rxg6 Nc6) 22. Ng6+ $40 {[%mdl 128] White attacks.} Bxg6 $1 23. Rxg6 Qf5 24. Rg4 g6 $2 {[%mdl 8192]} (24... g5 $1 $15 {keeps the upper hand.} 25. Qa4 Nd7 26. Qxe4 Qxe4 27. Rxe4 Rae8) 25. Rc1 $1 $18 {[%mdl 1024] White has strong compensation.} c5 26. Qd6 (26. Rh4+ Kg7 $11) 26... Kg7 27. Rd1 Rf7 28. Rf4 $1 {[%cal Rf4f5]} Qh3+ 29. Kg1 Na6 30. Bxa6 $2 (30. Bf1 $1 $18 {[%cal Rf1h3] is the precise move to win.} Qc8 31. Bc4 (31. Rxe4 c4 $14)) 30... Rh8 $16 {[#] White must now prevent ...Rh5.} 31. Rxe4 (31. Qc6 $1 $16) 31... Rh5 $1 $11 {[%cal Rh5g5]} 32. Rd5 $1 {[%cal Rd5h5] aiming for Rxh5.} f5 $1 33. Qe5+ Kh7 (33... Kh6 $5 {[%cal Rh5g5]} 34. Qh8+ Rh7 35. Qf8+ Rg7 36. Qh8+ Rh7 37. Qf8+ Rg7 38. Qh8+ Rh7 $11) 34. Be2 $2 (34. Qf4 $11 g5 35. Qe5 fxe4 36. Rd8 Qxh2+ 37. Qxh2 Rxh2 38. Kxh2) 34... Rg5+ $17 ({But not} 34... fxe4 $6 35. Bxh5 Qxh5 36. Qxe4 $11) 35. Rg4 Rxg4+ 36. Bxg4 Qxg4+ {[%mdl 4096] Endgame KQR-KQR} 37. Kf1 Qh4 (37... Qc4+ {is more complex.} 38. Ke1 Qb4+ 39. Kf1 Qb1+ 40. Kg2 Qe4+) 38. Qe6 Qe7 39. Qxe7 Rxe7 {KR-KR} 40. Ke2 Kh6 41. f3 Kg5 {Hoping for ...Rh7.} 42. Rd6 $2 {[#]} (42. f4+ $17 {was called for.} Kf6 43. Rd6+ Re6 44. Rd7) 42... f4 $1 $19 43. e4 $2 (43. h4+ {was worth a try.} Kxh4 44. e4) 43... Rh7 44. Rd5+ Kf6 45. Rd6+ Ke5 46. Rxg6 Rxh2+ 47. Kd3 Rf2 48. Rg5+ Ke6 49. Rg6+ Kf7 50. Rh6 Rxf3+ 51. Kc4 Ra3 52. Kd5 Rxa2 53. e5 f3 54. Rf6+ (54. e6+ $142 Kg7 55. Rh4 Rd2+ 56. Ke5) 54... Ke7 55. Rxf3 Rd2+ 56. Ke4 b5 57. Rh3 a5 58. Rh7+ Ke6 {Strongly threatening ...Rd4+.} 59. Rh6+ Kf7 60. Rh7+ Kg6 61. Rb7 Rd4+ 62. Ke3 Rb4 63. e6 Kf6 64. e7 Kf7 65. Rc7 Rc4 66. Rb7 b4 67. Kd3 Rd4+ 68. Kc2 a4 69. Ra7 Ke8 (69... Rc4+ $142 70. Kb1 a3) 70. Rxa4 Kxe7 (70... Rc4+ $142 71. Kb3 Rc3+ 72. Kb2 Kxe7) 71. Kb3 Kd6 {Black mates.} 72. Ra8 Rd3+ 73. Kc2 Rc3+ 74. Kb2 Kd5 75. Rh8 Re3 76. Kc2 Kc4 77. Rh4+ Kb5 78. Rh5 b3+ 79. Kb2 Kb4 80. Rh4+ c4 81. Rg4 Re2+ 82. Kc1 Rh2 83. Rf4 Ka3 {Precision: White = 35%, Black = 65%.} 0-1

[Event "US-ch Women 2018"]
[Site "Saint Louis"]
[Date "2018.04.25"]
[Round "7"]
[White "Gorti, Akshita"]
[Black "Goletiani, Rusudan"]
[Result "1-0"]
[WhiteElo "2252"]
[BlackElo "2306"]
[Annotator "RC"]
[PlyCount "81"]
[EventDate "2018.??.??"]
[EventType "tourn"]
[EventCountry "USA"]
[SourceTitle "playchess.com"]
[Source "ChessBase"]
[SourceQuality "1"]
[TimeControl "40/5400+30:1800+30"]

1. Nf3 {[%emt 0:00:00]} e6 {[%emt 0:01:44]} 2. c4 {[%emt 0:00:07]} f5 {[%emt 0:02:48]} 3. g3 {[%emt 0:00:26]} b6 {[%emt 0:00:35]} 4. Bg2 {[%emt 0:02:25]} Bb7 {[%emt 0:00:05]} 5. O-O {[%emt 0:01:27]} Nf6 {[%emt 0:00:39]} 6. d3 {[%emt 0:01:13]} g6 {[%emt 0:02:38]} 7. Nc3 {[%emt 0:00:59]} Bg7 {[%emt 0:00:10]} 8. Qc2 {[%emt 0:03:01]} Nc6 {[%emt 0:11:50]} 9. a3 {[%emt 0:01:25]} O-O {[%emt 0:02:49]} 10. b4 {[%emt 0:03:22]} Qe7 {[%emt 0:04:02]} 11. Rb1 {[%emt 0:10:48]} a5 {[%emt 0:02:11]} 12. Qb3 {[%emt 0:01:52]} Kh8 {[%emt 0:10:27]} 13. Bd2 {[%emt 0:05:20]} d6 {[%emt 0:04:53]} 14. Rfc1 {[%emt 0:05:17]} Ng4 {[%emt 0:06:00]} 15. Nb5 {[%emt 0:05:57]} axb4 {[%emt 0:03:52]} 16. axb4 {[%emt 0:00:22]} e5 {[%emt 0:00:23]} 17. h3 {[%emt 0:04:36]} Nf6 {[%emt 0:00:16]} 18. Ne1 {[%emt 0:06:01]} e4 {[%emt 0:06:47]} 19. c5 {[%emt 0:04:42]} Ba6 {[%emt 0:17:46]} 20. cxd6 {[%emt 0:09:10]} cxd6 {[%emt 0:00:05]} 21. Rxc6 {[%emt 0:03:50]} Bxb5 {[%emt 0:00:03]} 22. Rcc1 {[%emt 0:01:51]} d5 {[%emt 0:02:01]} 23. Bc3 {[%emt 0:03:26]} f4 {[%emt 0:01:28]} 24. Bd4 {[%emt 0:13:12]} fxg3 {[%emt 0:03:50]} 25. fxg3 {[%emt 0:00:06]} Qd6 {[%emt 0:01:24]} 26. g4 {[%emt 0:02:28]} Rae8 {[%emt 0:06:58]} 27. Qc3 {[%emt 0:01:39]} Re7 {[%emt 0:00:10]} 28. Nc2 {[%emt 0:02:22]} exd3 {[%emt 0:01:45]} 29. exd3 {[%emt 0:00:09]} Qg3 {[%emt 0:00:31]} 30. Rf1 {[%emt 0:03:26]} Rc7 {[%emt 0:02:38]} 31. Qb2 {[%emt 0:01:44]} Rc6 {[%emt 0:01:22]} 32. Rf3 {[%emt 0:01:08]} Qc7 {[%emt 0:00:16]} 33. Na3 {[%emt 0:00:36]} Bxd3 {[%emt 0:02:56]} 34. Rxd3 {[%emt 0:00:31]} Ne8 {[%emt 0:01:02]} 35. Re1 {[%emt 0:01:11]} Bxd4+ {[%emt 0:00:39]} 36. Qxd4+ {[%emt 0:00:08]} Ng7 {[%emt 0:00:03]} 37. Nb5 {[%emt 0:00:32]} Qc8 {[%emt 0:01:06]} 38. Na7 {[%emt 0:01:06]} Rc1 {[%emt 0:00:43]} 39. Nxc8 {[%emt 0:00:23]} Rxe1+ {[%emt 0:00:05]} 40. Kh2 {[%emt 0:00:08]} Rxc8 {[%emt 0:30:03]} 41. Rf3 {[%emt 0:02:09]} 1-0

[Event "US-ch Women 2018"]
[Site "Saint Louis"]
[Date "2018.04.26"]
[Round "8"]
[White "Yu, Jennifer"]
[Black "Gorti, Akshita"]
[Result "1-0"]
[WhiteElo "2367"]
[BlackElo "2252"]
[Annotator "TA"]
[PlyCount "91"]
[EventDate "2018.??.??"]
[EventType "tourn"]
[EventCountry "USA"]
[SourceTitle "playchess.com"]
[Source "ChessBase"]
[SourceQuality "1"]

{[%evp 15,91,9,14,20,15,14,19,0,16,0,0,0,1,0,6,-11,-11,-10,-8,-8,0,-25,9,8,12,-6,30,26,167,74,117,112,129,41,39,31,36,41,31,28,38,30,154,152,159,168,162,154,159,16,109,41,40,45,45,0,14,0,0,0,1,1,19,26,509,485,768,693,745,697,875,762,4133,4133,1981,1189,29964,6390]} 1. c4 e6 2. g3 d5 3. Bg2 Nf6 4. Nf3 Be7 5. O-O O-O 6. b3 c5 7. Bb2 b6 8. cxd5 Nxd5 9. d4 {A14: English Opening: 1...e6 with b3 by White} Bb7 10. Nbd2 (10. dxc5 Bxc5 11. a3 a5 12. Nbd2 Qe7 13. Ne5 Rd8 14. Nd3 Nc6 15. Nxc5 bxc5 16. e3 Ba6 17. Re1 a4 18. bxa4 Bd3 {½-½ (47) Giri,A (2771)-Kramnik,V (2808) Stavanger 2017}) 10... Nf6 11. Nc4 {The position is equal.} Nbd7 12. e3 Rc8 13. Qe2 Qc7 14. Rac1 Qb8 15. Nfe5 $146 ({Predecessor:} 15. Rfd1 Rfd8 16. dxc5 Bxc5 17. Nfe5 Bxg2 18. Nxd7 Rxd7 19. Rxd7 Nxd7 20. Kxg2 {½-½ (30) Hecht,H (2423)-Hilburt,L (2237) Arvier 2004}) 15... Bxg2 16. Kxg2 b5 17. Nxd7 Nxd7 18. Ne5 Qb7+ 19. Qf3 Qxf3+ 20. Kxf3 Nb6 21. dxc5 Rxc5 (21... Bxc5 $11 22. e4 f6) 22. Bd4 (22. Nc6 $1 $18 {[%cal Rc6e7] and White stays clearly on top.} Bd6 23. Rfd1 (23. Nxa7 Ra8 $16) 23... Rxc1 24. Bxc1 (24. Rxc1 Ra8 $16)) 22... Rxc1 23. Rxc1 Rc8 24. Nc6 (24. Rc6 $1 $16 Kf8 25. e4 (25. Bxb6 Rxc6 26. Nxc6 axb6 $16)) 24... Kf8 $1 $14 25. Bxb6 axb6 {[%mdl 4096] Endgame KRB-KRN} 26. Rc2 Ke8 27. Ke2 Bf6 28. Kd3 Kd7 (28... Ra8 $11) 29. Na7 $1 $16 Rxc2 30. Kxc2 {KB-KN} b4 31. Kd3 $1 h5 {[#]} 32. h3 (32. Nb5 $1 $16) 32... g5 {[#]} (32... h4 $11) 33. g4 ({White should play} 33. Nb5 $1 $16) 33... hxg4 $14 34. hxg4 Be7 35. Kc4 f5 36. gxf5 exf5 37. Kd5 g4 $1 {Black wants to play ...Bh4.} 38. Nc6 Bh4 39. Ne5+ Kc7 $2 {[%mdl 8192]} (39... Ke8 $1 $11 {and Black has nothing to worry.} 40. Nd3 Kf7) 40. Nd3 $18 g3 (40... Bg5 $142 41. Ke5 (41. Nxb4 Bxe3 42. Nd3 Bg5 $16) 41... Bh4 42. Kxf5 g3 43. fxg3 Bxg3) 41. fxg3 Bxg3 {Now ...Kd7 and Black clings on.} 42. Ke6 Bd6 43. Kxf5 Kc6 44. Ke6 Bf8 45. e4 Kb5 46. Kd5 {Precision: White = 50%, Black = 29%.} (46. Kd7 $142 Bh6 47. e5 Bg7 48. e6 Bf8 49. e7 Bxe7 50. Kxe7 Kc6 51. Ke6) 1-0

[Event "US-ch Women 2018"]
[Site "Saint Louis"]
[Date "2018.04.26"]
[Round "8"]
[White "Abrahamyan, Tatev"]
[Black "Sharevich, Anna"]
[Result "1-0"]
[WhiteElo "2366"]
[BlackElo "2281"]
[Annotator "TA"]
[PlyCount "141"]
[EventDate "2018.??.??"]
[EventType "tourn"]
[EventCountry "USA"]
[SourceTitle "playchess.com"]
[Source "ChessBase"]
[SourceQuality "1"]

{[%evp 24,141,33,32,50,11,57,32,51,38,93,81,102,99,91,90,100,99,114,105,129,114,114,90,96,106,132,72,63,72,75,85,136,83,115,89,101,89,93,100,93,100,134,143,150,158,208,208,370,372,403,416,364,263,462,458,422,448,442,401,440,402,510,439,436,429,470,460,468,455,496,0,422,414,423,383,468,497,482,499,485,481,475,445,437,0,428,426,565,568,554,557,500,389,381,356,543,504,418,394,574,551,739,865,2172,2212,1335,1307,2180,2180,29984,29985,29985,29986,29987,29988,29989,29990,29990,29991]} 1. e4 c6 2. d4 d5 3. Nc3 dxe4 4. Nxe4 Nf6 5. Nxf6+ exf6 6. c3 Bd6 7. Bd3 O-O 8. Qc2 Re8+ 9. Ne2 h6 10. O-O Qc7 {B15: Caro-Kann: 3 Nc3: 3...g6 and 3...dxe4 4 Nxe4 Nf6 5 Nxf6+ exf6} 11. h3 Nd7 12. Be3 (12. c4 c5 13. Be3 a6 14. Rac1 cxd4 15. Nxd4 Nc5 16. Bf5 Bh2+ 17. Kh1 Bf4 18. Bxf4 Qxf4 {½-½ (64) Idani,P (2578)-Sokolov,I (2626) Bandar e Anzali 2017}) 12... Nf8 13. c4 {LiveBook: 5 Games} Ne6 14. Rac1 Bd7 $146 ({Predecessor:} 14... Ng5 15. Bf5 Bxf5 16. Qxf5 g6 17. Qd3 Kg7 {0-1 (38) Brankovic,D (2372)-Radlovacki,J (2475) Belgrade 2016}) 15. Qd2 c5 16. d5 Ng5 (16... Nf8 $1 $14) 17. Qc2 $1 $16 f5 18. Bxf5 Bxf5 19. Qxf5 Re4 {...g6 is the strong threat.} 20. Bxg5 Re5 21. Qd3 hxg5 22. Rfe1 Rae8 23. Qd2 Qe7 {[%cal Re5e2]} 24. Kf1 $1 ({Don't play} 24. Rc2 g4 $11) 24... g4 25. Ng1 ({Better is} 25. hxg4 Qh4 26. Ng3) 25... gxh3 26. Nxh3 Qf6 27. b3 R8e7 (27... Kf8 $142) 28. Rcd1 (28. g3 $142) 28... g5 29. Rxe5 Rxe5 30. Re1 Rxe1+ 31. Kxe1 Qa1+ 32. Qd1 $1 {[%cal Rd1a1]} Qe5+ 33. Kf1 Qf5 34. g4 Qe5 35. Qe2 Qh2 $2 (35... Qe7 {was worth a try.} 36. Qxe7 Bxe7) 36. Qe8+ $18 Kg7 37. Nxg5 Qf4 38. Ne4 Be5 $2 (38... Qxg4 39. Nxd6 Qd1+ 40. Qe1 Qd3+ 41. Kg2 Qg6+ 42. Kf3 Qf6+ 43. Kg4 Qxd6) 39. Ng3 $1 {[%cal Rg3h5] White threatens Nh5+ and mate.} Qc1+ 40. Kg2 {White wants to mate with Nf5+.} Bxg3 41. Kxg3 {[%mdl 4096] Endgame KQ-KQ} ({Not} 41. fxg3 Qd2+ 42. Kf3 Qxa2 $16) 41... Qg1+ 42. Kf3 Qd1+ 43. Qe2 Qh1+ 44. Ke3 Qh6+ 45. Kd3 Qf6 46. Qe3 Qa1 47. Qe2 $2 (47. Qxc5 $18 Qxa2 48. Qd4+ Kg8 49. d6 Qxb3+ 50. Ke4 Qb1+ 51. Kf3 Qh1+ 52. Kg3 Qg1+ 53. Kh4) 47... b5 $2 {[%mdl 8192]} (47... Qf6 $1 $11) 48. Ke3 bxc4 49. bxc4 Qc1+ 50. Ke4 Qb1+ 51. Kf3 Qh1+ {[#]} 52. Kf4 $1 Qh2+ 53. Kf5 Qh7+ 54. Kf4 Qh2+ 55. Ke4 Qh1+ 56. f3 {[%cal Bf2f3,Bf3f4][%mdl 32]} Qa1 {intending ...Qd4+.} 57. Qd2 f6 58. f4 Qh1+ 59. Kd3 Qb1+ (59... Qf3+ $142 60. Kc2 Qxg4) 60. Ke2 Qg1 61. g5 Qg2+ {[#]} (61... Qg4+ {might work better.} 62. Kd3 fxg5 63. fxg5 Kg6) 62. Kd3 $1 Qf1+ 63. Kc3 Qb1 64. d6 {[%cal Bd5d6,Bd6d7][%mdl 32]} Qb4+ 65. Kd3 Qb1+ 66. Ke2 Qh1 67. d7 {White mates.} Qg2+ 68. Kd3 Qf3+ 69. Kc2 Qe4+ 70. Qd3 Qg2+ 71. Kc3 {Precision: White = 81%, Black = 38%.} 1-0

[Event "US-ch Women 2018"]
[Site "Saint Louis"]
[Date "2018.04.26"]
[Round "8"]
[White "Wang, Annie"]
[Black "Krush, Irina"]
[Result "1-0"]
[WhiteElo "2321"]
[BlackElo "2422"]
[Annotator "TA"]
[PlyCount "105"]
[EventDate "2018.??.??"]
[EventType "tourn"]
[EventCountry "USA"]
[SourceTitle "playchess.com"]
[Source "ChessBase"]
[SourceQuality "1"]

{[%evp 19,105,33,40,34,28,34,36,24,26,20,16,8,39,10,0,0,0,0,5,0,0,6,4,0,0,0,4,-6,0,-12,-12,-22,-11,-23,-25,-26,-23,-27,-8,-40,-29,-26,-32,-21,-22,-26,-23,-39,-35,-46,-56,-68,-72,-79,-79,-79,-37,-18,-15,-128,-128,-95,-100,-202,-139,-248,-17,-12,-15,-16,-19,-55,0,0,0,10,114,107,915,922,960,940,1383,1383,1250,1263,29995,29996]} 1. d4 Nf6 2. c4 e6 3. Nc3 Bb4 4. Qc2 c5 5. dxc5 Qc7 6. e3 {E38: Nimzo-Indian: Classical: 4...c5} Bxc5 7. Nf3 a6 8. Bd3 b6 9. b3 Bb7 10. Bb2 Be7 {LiveBook: 3 Games} 11. O-O d6 12. Rfd1 $146 ({Predecessor:} 12. Qe2 Nbd7 13. e4 O-O 14. Rad1 Rfe8 {1-0 (63) Granda Zuniga,J (2601)-Slipak,S (2489) Villa Martelli 2005}) 12... Nbd7 13. Rac1 Nc5 14. Be2 O-O 15. Nd4 Rfd8 16. Ba1 (16. f3 {is more complex.} Rac8 17. b4 Ncd7 18. a3 Ne5 19. Na4) 16... Rac8 17. Bf3 Bxf3 18. Nxf3 Qb7 19. Qe2 Nfe4 20. Nxe4 Nxe4 21. Nd2 Nf6 22. e4 Rd7 23. Rc3 b5 24. Rg3 e5 25. Re3 Bd8 26. Re1 Bb6 27. Rd3 Bc5 28. Bc3 h6 29. Qf3 Rdd8 30. h3 Nh7 {[%cal Bf6h7,Bh7g5,Bg5e6,Be6f4][%mdl 32]} 31. Qg4 Ng5 32. Rg3 Qe7 33. Rf1 Ne6 34. Kh1 g6 35. Qf3 Nf4 36. Rg4 Nh5 37. Qd3 Kh7 38. cxb5 axb5 39. Ba5 (39. Qxb5 $11 {keeps the balance.} Nf4 40. Ba5) 39... Rf8 $17 40. Qxb5 {[#]} Qa7 $1 41. Kg1 (41. Bb4 $17) 41... Bd4 {White must now prevent ...Rc5.} 42. Nc4 (42. Bb4 $17) 42... Rxc4 $2 (42... Rc5 $19 43. Qb4 Ra8) 43. bxc4 $11 Rb8 44. Qd5 Rb2 45. Bd8 {[%cal Ba5d8,Bd8h4,Bh4e7][%mdl 32]} Qd7 ({Better is} 45... Rxa2 $15 46. Kh2 Rxf2) 46. Qa8 Ba7 {[#] And now ...Rb8 would win.} 47. Bh4 {Hoping for Rd1.} Rxa2 (47... Rb8 $1 $11 {remains equal.} 48. Qd5 g5 49. Bxg5 hxg5 50. Rxg5 Nf4) 48. Qf8 $16 {Strongly threatening Rb1.} Bc5 $2 {[%mdl 8192]} (48... Rb2 $16) 49. Rb1 $18 {[%cal Bf1b1,Bb1b7,Bb7b8][%mdl 32] White threatens Rb8 and mate.} Ba7 50. Kh2 Ra4 51. Be7 Qe6 52. Rb7 Bxf2 53. Rb8 {Precision: White = 46%, Black = 59%.} 1-0

[Event "US-ch Women 2018"]
[Site "Saint Louis"]
[Date "2018.04.26"]
[Round "8"]
[White "Foisor, Sabina-Francesca"]
[Black "Paikidze, Nazi"]
[Result "0-1"]
[WhiteElo "2308"]
[BlackElo "2352"]
[Annotator "TA"]
[PlyCount "58"]
[EventDate "2018.??.??"]
[EventType "tourn"]
[EventCountry "USA"]
[SourceTitle "playchess.com"]
[Source "ChessBase"]
[SourceQuality "1"]

{[%evp 17,58,-30,-44,-81,-70,-103,-96,-117,-110,-150,-151,-209,-193,-189,-195,-249,-241,-239,-246,-221,-235,-452,-455,-411,-390,-405,-230,-635,-600,-1305,-692,-842,-829,-866,-850,-1242,-1218,-2189,-2125,-29989,-29990,-29996,-29997]} 1. d4 Nf6 2. c4 e6 3. Nf3 d5 4. Nc3 Bb4 5. Bg5 dxc4 6. e4 c5 7. e5 cxd4 8. exf6 gxf6 9. Bh4 {D39: Queen's Gambit Declined: Ragozin Defence with 5 Bg5 dxc4} (9. Qa4+ Nc6 10. O-O-O Bd7 11. Nxd4 Bxc3 12. Nxc6 fxg5 13. Qa3 Qf6 14. Rxd7 Kxd7 15. bxc3 Qf4+ 16. Kb2 Qxf2+ 17. Ka1 Qe1+ 18. Kb2 bxc6 {0-1 (18) Londyn,R (2401)-Kobo,O (2490) Teplice 2016}) 9... Nc6 {LiveBook: 8 Games} 10. a3 Ba5 11. Nxd4 {Black is slightly better.} Nxd4 ({Don't play} 11... Qxd4 $6 12. Qxd4 Nxd4 13. O-O-O $15) 12. Bxc4 {[#]} Nf5 $1 13. Bb5+ $146 ({Predecessor:} 13. Bxf6 Qxf6 14. Qa4+ Bd7 15. Qxa5 Nd4 16. Rd1 Bc6 {0-1 (25) Vul,A-Estrin,Y Moscow (Russia) 1983}) 13... Ke7 14. Qa4 (14. Bg3 $17) 14... Nxh4 15. Qxh4 Qd5 $1 {[%cal Rd5b5]} 16. b4 (16. Qa4 $142 Bxc3+ 17. bxc3) 16... Qe5+ $19 ({But not} 16... Qxg2 $2 17. bxa5 Rd8 18. Qb4+ Rd6 19. Rf1 $18) 17. Kd2 Rd8+ 18. Kc2 Bb6 {[%cal Ba5b6,Bb6d4,Bd4e5][%mdl 32] White must now prevent ...Bd4.} 19. Qxh7 $2 (19. Rad1 a6 20. Rxd8 Bxd8 21. f4) 19... Bd4 20. Rad1 Qc7 (20... Bxc3 $2 21. Rxd8 Kxd8 22. Rd1+ Bd4 23. Qxf7 $19) 21. Rd3 e5 (21... a5 $142 22. Rc1 axb4 23. axb4 Bxc3 24. Rxc3 Qe5) 22. f4 $2 (22. Rc1 Be6 23. Kd2) 22... Be6 23. fxe5 {intending Rxd4.} Bxe5 24. Re1 Rac8 25. Ree3 a6 26. Ba4 Qc4 {[#] aiming for ...Qa2+.} 27. Rxd8 Qa2+ 28. Kd1 Rxd8+ 29. Rd3 Bg4+ {Precision: White = 23%, Black = 82%.} 0-1